000 00861nam a2200229Ii 4500
003 JO-AjNU
008 230605s9999||||xx |||||||||||||| ||und||
017 _a2011/3/938
020 _a978-9957-89-030-8
040 _aJO-AjNU
_bara
_erda
_cJO-AjNU
041 _aara
050 1 4 _ak2390.B266.2011
100 3 _a بني مقداد ، محمد علي محمد ,
_eauthor
_931702
245 0 0 _aقانون التحكيم التجاري الدولي: دراسة نظرية تحليلية تطبيقية مقارنة
250 _a(د،ط)
264 3 1 _aعمان : دار اليازوري ، 2011
300 _a458ص
336 _atext
_btxt
_2rdacontent
337 _aunmediated
_bn
_2rdamedia
338 _avolume
_bnc
_2rdacarrier
650 4 _aالتحكيم الدولي - القانون الدولي التجاري - التحكيم التجاري
_931703
999 _aA12710
_c16278
_d16278